| 000 | 01071nam0a22002891 4500 | ||
|---|---|---|---|
| 001 | rc\773986 | ||
| 005 | 20260406063228.0 | ||
| 035 | _a(NLR Aleph) 006300347 | ||
| 090 |
_a7244602 _c7244602 |
||
| 100 | _a20040301d1984 |||y0rusy50 ca | ||
| 101 | 0 | _arus | |
| 102 | _aRU | ||
| 105 | _aa ||||||||| | ||
| 200 | 1 |
_aРоссия на дальневосточных рубежах _e(Вторая половина XVII в.) |
|
| 205 | _a2-е изд., доп. | ||
| 210 |
_aХабаровск _cКн. изд-во _d1984 |
||
| 215 |
_a271 с. _cил. _d22 |
||
| 225 | 1 | _aДальневосточная историческая библиотека | |
| 320 | _aБиблиогр.: с. 263-270 (237 назв.) | ||
| 320 | _aБиблиогр. в примеч.: с. 235-262 | ||
| 700 | 1 |
_4070 _8rus _7ca _aАлександров _bВ. А. _cд-р ист. наук _f1922-1994 _gВадим Александрович _3RU\NLR\AUTH\7713296 _9122989 |
|
| 801 | 0 |
_aRU _bNLR _gpsbo |
|
| 801 | 1 |
_aRU _bELAR _2rusmarc |
|
| 852 |
_aNLR _j84-5/6396 |
||
| 942 | _cBOOK | ||
| 980 | _aNB | ||